Optimalizácia koncepcie a základný návrh skúšobného zariadenia pre skúšanie odlučovacích mreží

Popis konštrukčného zariadenia koľajového vozidla, na ktoré sa bude aplikovať filtračná mreža. Popis modelu a skúšky.

Gespeichert in:
Bibliographische Detailangaben
1. Verfasser: Daneshjo, Naqibullah, 1964-
Weitere Verfasser: Gilak, Michal, Iľaščíková, Lucia, Korba, Peter
Format: Buchkapitel
Sprache:Slowakisch
Schlagworte:
Tags: Tag hinzufügen
Keine Tags, Fügen Sie das erste Tag hinzu!

MARC

LEADER 00000naa a2200000 4500
001 0270336
005 20240502074232.9
041 0 |a slo 
044 |a SK 
245 1 0 |a Optimalizácia koncepcie a základný návrh skúšobného zariadenia pre skúšanie odlučovacích mreží  |c Naqibullah Daneshjo, Michal Gilak, Lucia Iľaščíková, Peter Korba 
520 |a Popis konštrukčného zariadenia koľajového vozidla, na ktoré sa bude aplikovať filtračná mreža. Popis modelu a skúšky. 
610 2 0 |a strojárstvo dopravné 
610 2 0 |a vývoj 
610 2 0 |a modelovanie 
610 2 0 |a dizajn 
100 1 |a Daneshjo, Naqibullah, 1964- 
700 1 |a Gilak, Michal 
700 1 |a Iľaščíková, Lucia 
700 1 |a Korba, Peter